修煉 . 穿越神異界 . III
| 資料類型: | 圖書 | 書目號: | 49850 |
Leader xxxxxxxxxx 001 __ PCLIS00049850 005 __ 20221118091700.0 010 0_ |a978-986-5988-49-4|b平裝|dNT$360 100 __ |a20160421d2013 de y0chiy09 e 101 0_ |achi 102 __ |atw 105 __ |ay z 000ay 200 1_ |a修煉|hIII|i穿越神異界|f陳郁如作 205 __ |a初版 210 __ |a臺北市|c小兵|d2013[民102] 215 0_ |a367,[1]面||d22公分 225 2_ |a修煉|vIII 461 _0 |12001 |a修煉|vIII 517 1_ |a穿越神異界 606 __ |2cst|a長篇小說 681 __ |a857.7|b8756 700 _1 |a陳|b郁如|4作 801 _0 |atw|b內湖高中|c20160421|gCCR |